-ord Definitions Quiz Stats

 Plays Quiz Updated Jul 30, 2017

Support Sporcle.
Go Orange.
Score 0/15 Timer 03:00
0 Plays Today
% Correct
Landlord
95.3%
Password
95.1%
Afford
95%
Sword
94.5%
Record
93.1%
Chord
91%
Fjord
90.8%
Ripcord
88.1%
% Correct
Smorgasbord
87.2%
Accord
86.8%
Chambord
82.5%
Concord
81.5%
Oxford
78.6%
Ford
74.7%
Misericord
67.1%

You're not logged in!

Compare scores with friends on all Sporcle quizzes.
OR
Log In
Forgot?

From the Vault

Joker Actors

by pdigoe

The joke is most certainly not on any of these actors.
Remove Ads.
Support Sporcle.
Get the best of Sporcle when you Go Orange. This ad-free experience offers more features, more stats, and more fun while also helping to support Sporcle. Thank you for becoming a member.

Show Comments

Extras

Top Quizzes Today


Score Distribution

Your Account Isn't Verified!

In order to create a playlist on Sporcle, you need to verify the email address you used during registration. Go to your Sporcle Settings to finish the process.

Report this User

Report this user for behavior that violates our Community Guidelines.

Details: